Marques des Stellantis. (Peugeot - Fiat) - Statistiques

Statistiques générales
  • Ce quiz a été pris 396 fois
  • Le résultat moyen est 9 sur 14
Statistiques - réponses
Réponse % Correct
Peugeot
99%
Fiat
98%
Citroën
97%
Opel
80%
Alfa Romeo
70%
DS
68%
Chrysler
67%
Dodge
55%
Lancia
54%
Maserati
54%
Jeep
50%
Abarth
38%
Vauxhall
37%
RAM
35%
Aucun quiz correspondant
Distribution des résultats
% des personnes avec chaque résultat
Percentile par nombre de réponses
Votre historique - résultats
Vous n’avez pas pris ce quiz